El trigo (Record no. 69752)

MARC details
000 -LEADER
campo de control de longitud fija 00611nam a2200169 i 4500
001 - NÚMERO DE CONTROL
campo de control 69752
003 - IDENTIFICADOR DE NÚMERO DE CONTROL
campo de control ES-MaACL
005 - FECHA Y HORA DE LA ÚLTIMA TRANSACCIÓN
campo de control 20230906170614.0
007 - CAMPO FIJO DE DESCRIPCIÓN FÍSICA--INFORMACIÓN GENERAL
campo de control de longitud fija t|
008 - DATOS DE LONGITUD FIJA--INFORMACIÓN GENERAL
campo de control de longitud fija 040709s1946 sp ||||1| spa d
100 1# - ENTRADA PRINCIPAL--NOMBRE DE PERSONA
Nombre de persona García González, Aurelio.
9 (RLIN) 54709
245 13 - MENCIÓN DEL TÍTULO
Título El trigo
Resto del título : su economía y su legislación actual : normas reguladoras de la producción /
Mención de responsabilidad, etc. Aurelio García González, José María Mira Izquierdo.
260 ## - PUBLICACIÓN, DISTRIBUCIÓN, ETC.
Lugar de publicación, distribución, etc. Madrid :
Nombre del editor, distribuidor, etc. [s.n.,
Fecha de publicación, distribución, etc. 1946] (
Fabricante Talls. Gráfs. "Marsiega")
300 ## - DESCRIPCIÓN FÍSICA
Extensión 470 p. ;
Dimensiones 25 cm.
700 1# - ENTRADA AGREGADA--NOMBRE PERSONAL
Nombre de persona Mira Izquierdo, José María.
9 (RLIN) 81458
852 ## - LOCALIZACIÓN
Ubicación ES-MaACL
Número de control de estantería B-10707
Sublocalización o colección R.22333
Holdings
Estatus retirado Estado de pérdida Estado de daño No para préstamo Biblioteca de origen Biblioteca actual Ubicación en estantería Fecha de adquisición Fuente de adquisición Total de préstamos Signatura topográfica completa Código de barras Visto por última vez Precio de reemplazo Tipo de ítem Koha
        Biblioteca del Ateneo de Madrid Biblioteca del Ateneo de Madrid Sala Pardo Bazán 17/01/2008     B-10707 1073040 23/02/2023 23/02/2023 Libro impreso